[Event "18th Caspian Cup-A 2020"]
[Site "Rasht"]
[Date "2020.02.15"]
[Round "3.7"]
[White "Jahedi, Mani"]
[Black "Tahbaz, Arash"]
[Result "1/2-1/2"]
[WhiteElo "2127"]
[BlackElo "2461"]
[Annotator "TA"]
[PlyCount "65"]
[EventDate "2020.02.14"]
[EventType "swiss"]
[EventCountry "IRI"]
[SourceTitle "playchess.com"]
[Source "ChessBase"]
[SourceQuality "1"]

{[%evp 25,65,89,83,82,83,44,89,85,145,138,172,166,146,125,66,79,94,65,77,0,0,0,0,0,0,0,0,0,0,0,0,0,0,0,0,0,0,0,0,0,0,0]} 1. e4 c5 2. Nf3 e6 3. d4 cxd4 4. Nxd4 Nf6 5. Nc3 d6 6. g4 h6 7. h4 Nc6 8. Rg1 h5 9. gxh5 Nxh5 10. Bg5 Nf6 11. Be2 Qb6 12. Nb3 a6 13. Qd2 Bd7 14. O-O-O {B81: Sicilian Scheveningen: Keres Attack.} Qc7 15. f4 b5 {[#] Threatening ...b4.} 16. a3 $1 {White is better.} Rc8 (16... Nh7 $142) 17. Kb1 $16 b4 18. axb4 Nxb4 {[#]} 19. e5 $146 ({Predecessor:} 19. f5 e5 20. Rg2 Be7 21. h5 d5 22. Bxf6 Bxf6 23. Nxd5 Nxd5 24. exd5 Bxf5 25. Bg4 Qxc2+ 26. Qxc2 Rxc2 27. Rxc2 Bxg4 {1-0 (36) Bauer,T (2335)-Adorjan,A (2550) Hungary 1993}) 19... dxe5 20. fxe5 Nfd5 {[%cal Rd5c3]} 21. Nxd5 (21. Rg3 {keeps more tension.} Bc6 22. Rg4 Rb8 23. Bc4 Nxc3+ 24. Qxc3 Rc8 25. Be2) 21... exd5 {[#]} 22. Bg4 ({White should play} 22. e6 $1 $16 {[%cal Re6d7]} Bxe6 23. Rde1) 22... Qxc2+ $11 {The position is equal.} 23. Qxc2 Rxc2 24. Bxd7+ Kxd7 25. Rgf1 Ke8 $1 26. Nd4 Rc4 27. b3 Rc3 28. Rc1 Rxc1+ 29. Rxc1 {And now Rc8+ would win.} Kd7 {White must now prevent ...Nd3.} 30. Rf1 Ke8 31. Rc1 {aiming for Rc8+.} Kd7 {Threatens to win with ...Nd3.} 32. Rf1 Ke8 33. Rc1 {Accuracy: White = 79%, Black = 74%.} 1/2-1/2

[Event "18th Caspian Cup-A 2020"]
[Site "Rasht"]
[Date "2020.02.15"]
[Round "3.8"]
[White "Ramezani, Mahan"]
[Black "Harutjunyan, Gevorg"]
[Result "0-1"]
[WhiteElo "2122"]
[BlackElo "2444"]
[Annotator "TA"]
[PlyCount "50"]
[EventDate "2020.02.14"]
[EventType "swiss"]
[EventCountry "IRI"]
[SourceTitle "playchess.com"]
[Source "ChessBase"]
[SourceQuality "1"]

{[%evp 9,50,16,20,23,49,35,35,35,32,26,22,12,16,-20,7,0,2,4,0,-8,12,-36,-26,-19,-33,-18,-31,-56,-45,-108,-122,-115,-103,-125,-144,-334,-334,-330,-320,-522,-524,-613,-517]} 1. Nf3 d5 2. d4 Nc6 3. e3 Bg4 4. c4 e6 5. Nc3 Bb4 6. Be2 {D07: Queen's Gambit: Chigorin Defence.} Nge7 7. O-O {[#]} Bxf3 $146 ({Predecessor:} 7... O-O 8. Qb3 dxc4 9. Qxc4 Nd5 10. Rd1 Bh5 11. e4 Nb6 12. Qb3 a5 13. Bg5 Be7 {1-0 (43) Powell,L (2072)-Fioramonti,H (2325) Novi Sad 2016}) 8. Bxf3 {White is slightly better.} dxc4 9. Qe2 Na5 10. Rd1 O-O 11. e4 Rb8 12. Be3 a6 13. Qc2 b5 14. Ne2 {next a3 is good for White.} Ng6 15. g3 e5 16. Bg2 Qe7 17. f4 f6 18. Nc3 c6 19. Qf2 {[#]} ({White should try} 19. Ne2 $15) 19... exd4 $1 $17 20. Bxd4 Ne5 21. Bf1 ({Avoid the trap} 21. fxe5 $2 fxe5 22. Kh1 Rxf2 $19) 21... Rbd8 22. Kh1 $2 {[#]} (22. Bb6 $17 Rxd1 23. Rxd1) 22... Nd3 $1 $19 {[%cal Rd3f2][%mdl 512]} 23. Bxd3 cxd3 24. Re1 $2 (24. Bb6 {was necessary.} Rd7 25. Bxa5 Bxa5 26. Qe3) 24... Nc4 25. a3 d2 {Accuracy: White = 52%, Black = 91%.} 0-1

[Event "18th Caspian Cup-A 2020"]
[Site "Rasht"]
[Date "2020.02.16"]
[Round "4.1"]
[White "Gholami Orimi, Mahdi"]
[Black "Iskandarov, Misratdin"]
[Result "1/2-1/2"]
[WhiteElo "2434"]
[BlackElo "2520"]
[Annotator "TA"]
[PlyCount "99"]
[EventDate "2020.02.14"]
[EventType "swiss"]
[EventCountry "IRI"]
[SourceTitle "playchess.com"]
[Source "ChessBase"]
[SourceQuality "1"]

{[%evp 10,99,12,0,25,25,22,12,12,19,16,16,22,13,12,19,20,24,18,10,18,12,18,11,8,0,0,0,0,-12,0,0,0,-8,0,0,0,-9,-25,-14,-6,-20,0,0,0,0,0,0,0,0,0,0,0,0,0,0,0,0,0,0,0,0,0,0,0,0,0,0,0,0,0,0,0,0,0,0,0,0,0,0,16,15,17,8,64,8,61,0,60,0,46,0]} 1. d4 Nf6 2. c4 e6 3. Nc3 Bb4 4. Qc2 O-O 5. e4 d6 6. e5 dxe5 {E32: Nimzo-Indian: Classical (4 Qc2): 4...0-0.} 7. dxe5 Ng4 8. Nf3 Nc6 {The position is equal.} 9. Bf4 {With the idea h3.} Nd4 10. Qd2 Nxf3+ 11. gxf3 Qxd2+ 12. Kxd2 Nh6 13. Bxh6 gxh6 14. Rg1+ Kh8 15. Bd3 {[#]} f5 $146 ({Predecessor:} 15... f6 16. a3 Be7 17. Kc2 Bd7 {½-½ (40) Demuth,A (2476)-Markos,J (2599) Ruzomberok 2014}) 16. exf6 Rxf6 17. Be4 c6 18. Ke2 e5 19. a3 Be7 20. Nd1 Be6 21. Ne3 Rf7 22. Rac1 Rd8 23. Ng4 Bg5 {[#] Threatens to win with ...Bxg4.} 24. Nxe5 Re7 {Hoping for ...Bf4.} 25. Rc2 Bc8 26. Ng4 $1 Bf5 27. Ne3 Bxe4 28. fxe4 Rxe4 29. Rg4 Re7 30. h4 Bf6 31. Rf4 Re6 32. b4 h5 33. c5 Kg7 34. Rcc4 Kg6 35. a4 a6 {[#]} 36. b5 $1 {[%mdl 512]} axb5 37. axb5 Rd5 38. bxc6 bxc6 39. Kf3 Rd3 40. Kg2 Rd2 {And now ...Rxe3 would win.} 41. Nc2 Be5 42. Rfe4 {Strongly threatening Nd4.} Kf7 43. Nb4 Rg6+ 44. Kf3 Bc7 45. Ke3 Rd8 46. Nd3 Rf6 (46... Re6 $11) 47. Ne5+ (47. Ra4 $14) 47... Kg8 (47... Bxe5 $11 48. Rxe5 Rb8) 48. Nd3 Kf7 $1 49. Ne5+ Kg8 50. Nd3 {Accuracy: White = 95%, Black = 95%.} 1/2-1/2

[Event "18th Caspian Cup-A 2020"]
[Site "Rasht"]
[Date "2020.02.16"]
[Round "4.2"]
[White "Daghli, Arash"]
[Black "Pourramezanali, Amirreza"]
[Result "1/2-1/2"]
[WhiteElo "2424"]
[BlackElo "2497"]
[Annotator "ChessBase"]
[PlyCount "108"]
[EventDate "2020.02.14"]
[EventType "swiss"]
[EventCountry "IRI"]
[SourceTitle "playchess.com"]
[Source "ChessBase"]
[SourceQuality "1"]
[TimeControl "5400+30"]

1. d4 {[%emt 0:00:00]} e6 {[%emt 0:07:17]} 2. c4 {[%emt 0:00:00]} Nf6 {[%emt 0:00:07]} 3. Nc3 {[%emt 0:00:00]} Bb4 {[%emt 0:00:05]} 4. e3 {[%emt 0:00:00]} O-O {[%emt 0:00:29]} 5. Nge2 {[%emt 0:00:01]} c6 {[%emt 0:00:05]} 6. a3 {[%emt 0:00:06]} Ba5 {[%emt 0:00:09]} 7. c5 {[%emt 0:00:07]} d5 {[%emt 0:09:28]} 8. cxd6 {[%emt 0:00:08]} Qxd6 {[%emt 0:00:29]} 9. b4 {[%emt 0:00:01]} Bb6 {[%emt 0:04:12]} 10. Bb2 {[%emt 0:00:14]} a5 {[%emt 0:02:28]} 11. b5 {[%emt 0:02:01]} Nbd7 {[%emt 0:16:34]} 12. g3 {[%emt 0:00:02]} cxb5 {[%emt 0:07:50]} 13. Bg2 {[%emt 0:00:02]} a4 {[%emt 0:00:17]} 14. O-O {[%emt 0:19:18]} Bd8 {[%emt 0:06:55]} 15. Nxb5 {[%emt 0:02:55]} Qa6 {[%emt 0:00:41]} 16. Nec3 {[%emt 0:13:13]} Nb6 {[%emt 0:00:42]} 17. Re1 {[%emt 0:00:55]} Nc4 {[%emt 0:01:30]} 18. Qe2 {[%emt 0:06:15]} Nxb2 {[%emt 0:00:15]} 19. Qxb2 {[%emt 0:00:01]} Bd7 {[%emt 0:01:01]} 20. Bf1 {[%emt 0:04:39]} Qa5 {[%emt 0:07:05]} 21. Nd6 {[%emt 0:00:53]} Bc6 {[%emt 0:02:04]} 22. Nxb7 {[%emt 0:12:12]} Bxb7 {[%emt 0:08:12]} 23. Qxb7 {[%emt 0:00:02]} Bb6 {[%emt 0:00:19]} 24. Rec1 {[%emt 0:04:41]} Rfb8 {[%emt 0:06:18]} 25. Qf3 {[%emt 0:02:20]} Bd8 {[%emt 0:03:03]} 26. Nb5 {[%emt 0:03:45]} Ra6 {[%emt 0:03:52]} 27. Rc6 {[%emt 0:03:12]} Rxc6 {[%emt 0:00:29]} 28. Qxc6 {[%emt 0:00:05]} Be7 {[%emt 0:00:10]} 29. Rc1 {[%emt 0:01:17]} Bf8 {[%emt 0:00:19]} 30. Rb1 {[%emt 0:13:41]} h5 {[%emt 0:01:31]} 31. Qc2 {[%emt 0:01:49]} Nd5 {[%emt 0:02:07]} 32. h4 {[%emt 0:05:34]} Nc7 {[%emt 0:01:21]} 33. Nxc7 {[%emt 0:03:28]} Rxb1 {[%emt 0:00:06]} 34. Qxb1 {[%emt 0:00:04]} Qxc7 {[%emt 0:00:05]} 35. Qb5 {[%emt 0:00:44]} g6 {[%emt 0:02:04]} 36. Qxa4 {[%emt 0:00:12]} Qd6 {[%emt 0:00:05]} 37. Qe8 {[%emt 0:00:23]} Qxa3 {[%emt 0:00:06]} 38. Kg2 {[%emt 0:00:40]} Kg7 {[%emt 0:00:41]} 39. Be2 {[%emt 0:00:43]} Qd6 {[%emt 0:00:24]} 40. Bf3 {[%emt 0:00:08]} Be7 {[%emt 0:00:07]} 41. Qb5 {[%emt 0:00:43]} Bf6 {[%emt 0:00:09]} 42. d5 {[%emt 0:00:25]} e5 {[%emt 0:03:39]} 43. Qc6 {[%emt 0:01:42]} Be7 {[%emt 0:00:06]} 44. Qxd6 {[%emt 0:01:54]} Bxd6 {[%emt 0:00:06]} 45. Be2 {[%emt 0:01:02]} e4 {[%emt 0:00:26]} 46. Bb5 {[%emt 0:00:36]} Kf6 {[%emt 0:01:51]} 47. Be8 {[%emt 0:00:01]} Ke7 {[%emt 0:00:07]} 48. Ba4 {[%emt 0:00:03]} Kf6 {[%emt 0:00:46]} 49. Kf1 {[%emt 0:00:06]} g5 {[%emt 0:03:39]} 50. hxg5+ {[%emt 0:00:48]} Kxg5 {[%emt 0:00:02]} 51. Bc2 {[%emt 0:00:13]} f5 {[%emt 0:00:09]} 52. Kg2 {[%emt 0:01:26]} h4 {[%emt 0:00:07]} 53. gxh4+ {[%emt 0:00:08]} Kxh4 {[%emt 0:00:01]} 54. f4 {[%emt 0:00:47]} exf3+ {[%emt 0:00:07]} 1/2-1/2

[Event "18th Caspian Cup-A 2020"]
[Site "Rasht"]
[Date "2020.02.16"]
[Round "4.3"]
[White "Daneshvar, Bardiya"]
[Black "Babujian, Levon"]
[Result "1-0"]
[WhiteElo "2327"]
[BlackElo "2487"]
[Annotator "ChessBase"]
[PlyCount "69"]
[EventDate "2020.02.14"]
[EventType "swiss"]
[EventCountry "IRI"]
[SourceTitle "playchess.com"]
[Source "ChessBase"]
[SourceQuality "1"]
[TimeControl "5400+30"]

1. d4 {[%emt 0:01:58]} Nf6 {[%emt 0:00:00]} 2. c4 {[%emt 0:01:52]} e6 {[%emt 0:00:00]} 3. Nc3 {[%emt 0:00:12]} d5 {[%emt 0:00:05]} 4. cxd5 {[%emt 0:00:13]} exd5 {[%emt 0:00:10]} 5. Bg5 {[%emt 0:00:05]} c6 {[%emt 0:01:09]} 6. Qc2 {[%emt 0:00:50]} Be7 {[%emt 0:01:52]} 7. e3 {[%emt 0:00:06]} Nbd7 {[%emt 0:00:26]} 8. Bd3 {[%emt 0:00:17]} Nh5 {[%emt 0:02:24]} 9. Bxe7 {[%emt 0:00:30]} Qxe7 {[%emt 0:00:05]} 10. Nge2 {[%emt 0:00:21]} Nb6 {[%emt 0:00:07]} 11. O-O-O {[%emt 0:01:16]} Nf6 {[%emt 0:00:41]} 12. Kb1 {[%emt 0:02:47]} Be6 {[%emt 0:00:23]} 13. h3 {[%emt 0:02:15]} O-O-O {[%emt 0:01:02]} 14. Na4 {[%emt 0:04:40]} Nxa4 {[%emt 0:04:14]} 15. Qxa4 {[%emt 0:00:04]} Kb8 {[%emt 0:00:04]} 16. Rc1 {[%emt 0:01:33]} Qd7 {[%emt 0:00:23]} 17. g4 {[%emt 0:09:22]} h5 {[%emt 0:00:40]} 18. f3 {[%emt 0:00:32]} hxg4 {[%emt 0:00:56]} 19. hxg4 {[%emt 0:00:10]} g5 {[%emt 0:01:27]} 20. Qb4 {[%emt 0:09:48]} Qc7 {[%emt 0:01:38]} 21. Qe1 {[%emt 0:02:06]} Bc8 {[%emt 0:01:05]} 22. Qf2 {[%emt 0:01:48]} Rde8 {[%emt 0:00:57]} 23. Ng3 {[%emt 0:02:53]} Qe7 {[%emt 0:09:17]} 24. Rxh8 {[%emt 0:03:31]} Rxh8 {[%emt 0:02:38]} 25. Rh1 {[%emt 0:16:32]} Re8 {[%emt 0:00:29]} 26. Re1 {[%emt 0:01:51]} a6 {[%emt 0:00:42]} 27. Bf5 {[%emt 0:01:06]} Ka7 {[%emt 0:01:13]} 28. Bxc8 {[%emt 0:01:18]} Rxc8 {[%emt 0:00:06]} 29. Nf5 {[%emt 0:00:47]} Qc7 {[%emt 0:01:56]} 30. Rh1 {[%emt 0:02:26]} c5 {[%emt 0:01:03]} 31. dxc5 {[%emt 0:01:18]} Qxc5 {[%emt 0:00:06]} 32. Qd2 {[%emt 0:00:51]} Nd7 {[%emt 0:01:52]} 33. Qd4 {[%emt 0:09:24]} Ne5 {[%emt 0:03:13]} 34. Ne7 {[%emt 0:06:12]} Qxd4 {[%emt 0:02:30]} 35. Nxc8+ 1-0

[Event "18th Caspian Cup-A 2020"]
[Site "Rasht"]
[Date "2020.02.16"]
[Round "4.4"]
[White "Rasulov, Vugar"]
[Black "Omidi, Arya"]
[Result "1-0"]
[WhiteElo "2476"]
[BlackElo "2317"]
[Annotator "ChessBase"]
[PlyCount "83"]
[EventDate "2020.02.14"]
[EventType "swiss"]
[EventCountry "IRI"]
[SourceTitle "playchess.com"]
[Source "ChessBase"]
[SourceQuality "1"]
[TimeControl "5400+30"]

1. d4 {[%emt 0:00:00]} Nf6 {[%emt 0:00:00]} 2. c4 {[%emt 0:00:13]} g6 {[%emt 0:00:00]} 3. Nf3 {[%emt 0:00:18]} Bg7 {[%emt 0:00:00]} 4. g3 {[%emt 0:00:14]} O-O {[%emt 0:00:06]} 5. Bg2 {[%emt 0:00:11]} d6 {[%emt 0:00:27]} 6. O-O {[%emt 0:00:07]} Nbd7 {[%emt 0:00:02]} 7. Qc2 {[%emt 0:00:42]} e5 {[%emt 0:00:23]} 8. Rd1 {[%emt 0:00:05]} Re8 {[%emt 0:02:06]} 9. Nc3 {[%emt 0:01:28]} exd4 {[%emt 0:01:58]} 10. Nxd4 {[%emt 0:00:09]} c6 {[%emt 0:00:10]} 11. b3 {[%emt 0:01:13]} Nc5 {[%emt 0:00:28]} 12. e4 {[%emt 0:00:46]} Qc7 {[%emt 0:00:15]} 13. h3 {[%emt 0:00:08]} Bd7 {[%emt 0:01:12]} 14. Be3 {[%emt 0:05:22]} Rad8 {[%emt 0:05:05]} 15. Re1 {[%emt 0:06:42]} h5 {[%emt 0:03:36]} 16. b4 {[%emt 0:04:55]} Ne6 {[%emt 0:01:52]} 17. Rad1 {[%emt 0:00:04]} Nxd4 {[%emt 0:01:06]} 18. Bxd4 {[%emt 0:00:13]} Be6 {[%emt 0:00:13]} 19. Bf1 {[%emt 0:00:19]} Nd7 {[%emt 0:13:01]} 20. Bxg7 {[%emt 0:02:57]} Kxg7 {[%emt 0:01:29]} 21. Ne2 Kg8 {[%emt 0:02:13]} 22. Nd4 {[%emt 0:08:50]} Nf8 23. Qc3 {[%emt 0:07:43]} a6 {[%emt 0:06:05]} 24. Nb3 Qe7 {[%emt 0:02:02]} 25. h4 {[%emt 0:09:00]} Bg4 {[%emt 0:05:05]} 26. f3 {[%emt 0:04:08]} Bc8 {[%emt 0:00:13]} 27. Qd2 {[%emt 0:00:46]} Qc7 {[%emt 0:01:00]} 28. Kh2 {[%emt 0:00:48]} Ne6 {[%emt 0:01:41]} 29. Re3 Ng7 {[%emt 0:08:15]} 30. Rd3 {[%emt 0:04:48]} f5 {[%emt 0:00:44]} 31. c5 {[%emt 0:05:13]} d5 {[%emt 0:02:45]} 32. exd5 {[%emt 0:00:14]} cxd5 {[%emt 0:00:46]} 33. Rxd5 {[%emt 0:02:47]} Rxd5 {[%emt 0:00:09]} 34. Qxd5+ {[%emt 0:00:02]} Be6 {[%emt 0:00:14]} 35. Qd2 {[%emt 0:02:18]} f4 {[%emt 0:00:33]} 36. Qxf4 {[%emt 0:00:11]} Qxf4 {[%emt 0:00:06]} 37. gxf4 {[%emt 0:00:03]} Nf5 {[%emt 0:00:19]} 38. Re1 {[%emt 0:00:35]} Kf8 39. Bd3 {[%emt 0:05:16]} Nxh4 {[%emt 0:03:14]} 40. Nd4 {[%emt 0:04:48]} Bxa2 {[%emt 0:02:42]} 41. Rxe8+ {[%emt 0:00:13]} Kxe8 {[%emt 0:00:01]} 42. Be4 {[%emt 0:00:22]} 1-0

[Event "18th Caspian Cup-A 2020"]
[Site "Rasht"]
[Date "2020.02.16"]
[Round "4.5"]
[White "Yeritsyan, Hayk"]
[Black "Quparadze, Giga"]
[Result "1/2-1/2"]
[WhiteElo "2291"]
[BlackElo "2462"]
[Annotator "ChessBase"]
[PlyCount "149"]
[EventDate "2020.02.14"]
[EventType "swiss"]
[EventCountry "IRI"]
[SourceTitle "playchess.com"]
[Source "ChessBase"]
[SourceQuality "1"]
[TimeControl "5400+30"]

1. d4 {[%emt 0:00:00]} Nf6 {[%emt 0:00:00]} 2. c4 {[%emt 0:00:00]} e6 {[%emt 0:00:02]} 3. g3 {[%emt 0:00:00]} d5 {[%emt 0:00:24]} 4. Nf3 {[%emt 0:00:05]} Bb4+ {[%emt 0:00:05]} 5. Bd2 {[%emt 0:00:11]} Be7 {[%emt 0:00:07]} 6. Bg2 {[%emt 0:00:17]} O-O {[%emt 0:00:07]} 7. O-O {[%emt 0:00:07]} c6 {[%emt 0:00:17]} 8. Qb3 {[%emt 0:00:20]} Ne4 {[%emt 0:02:23]} 9. Bb4 {[%emt 0:00:19]} Bxb4 {[%emt 0:01:02]} 10. Qxb4 {[%emt 0:00:10]} a5 {[%emt 0:00:10]} 11. Qb3 {[%emt 0:00:55]} b5 {[%emt 0:00:14]} 12. cxb5 {[%emt 0:01:54]} cxb5 {[%emt 0:00:06]} 13. Rc1 b4 {[%emt 0:05:26]} 14. Nbd2 {[%emt 0:09:51]} Nxd2 {[%emt 0:00:18]} 15. Nxd2 {[%emt 0:00:08]} Ba6 {[%emt 0:00:18]} 16. e3 {[%emt 0:03:48]} Nd7 {[%emt 0:02:21]} 17. a3 {[%emt 0:02:38]} bxa3 {[%emt 0:03:17]} 18. Qxa3 {[%emt 0:00:40]} Bb5 {[%emt 0:00:06]} 19. Rc3 {[%emt 0:05:56]} a4 {[%emt 0:01:08]} 20. Rac1 {[%emt 0:00:42]} h5 {[%emt 0:00:34]} 21. Nf3 {[%emt 0:03:45]} Be2 {[%emt 0:00:17]} 22. Rc7 {[%emt 0:03:31]} Bxf3 {[%emt 0:02:59]} 23. Bxf3 {[%emt 0:00:05]} h4 {[%emt 0:00:04]} 24. Qd6 {[%emt 0:03:57]} Nf6 {[%emt 0:00:07]} 25. Qf4 {[%emt 0:01:02]} Qb8 {[%emt 0:00:32]} 26. R1c2 {[%emt 0:01:21]} Ne8 {[%emt 0:00:51]} 27. R7c6 {[%emt 0:00:21]} hxg3 {[%emt 0:02:22]} 28. hxg3 {[%emt 0:00:03]} Qxf4 {[%emt 0:00:20]} 29. gxf4 {[%emt 0:00:06]} g6 {[%emt 0:00:04]} 30. Be2 {[%emt 0:01:20]} Nf6 {[%emt 0:00:12]} 31. Ba6 {[%emt 0:00:34]} Kg7 {[%emt 0:01:50]} 32. Bc8 {[%emt 0:04:43]} Rd8 {[%emt 0:00:06]} 33. Kg2 {[%emt 0:00:44]} Rb8 {[%emt 0:00:07]} 34. Kf3 {[%emt 0:01:11]} Ne4 {[%emt 0:00:30]} 35. Rc7 {[%emt 0:00:26]} Rd6 {[%emt 0:01:00]} 36. Bd7 {[%emt 0:01:02]} Ra6 {[%emt 0:00:09]} 37. Rc8 {[%emt 0:01:49]} Rb4 {[%emt 0:06:00]} 38. R8c7 {[%emt 0:08:21]} Kf6 {[%emt 0:00:11]} 39. Bc8 {[%emt 0:03:28]} Ra8 {[%emt 0:01:46]} 40. Rd7 {[%emt 0:01:25]} Rc4 {[%emt 0:00:21]} 41. Rc7 {[%emt 0:02:09]} Nd2+ {[%emt 0:01:47]} 42. Kg4 {[%emt 0:00:49]} Rxc2 {[%emt 0:12:06]} 43. Rxc2 {[%emt 0:00:05]} Nc4 {[%emt 0:00:11]} 44. Bd7 {[%emt 0:00:13]} Ra5 {[%emt 0:00:05]} 45. Re2 {[%emt 0:01:41]} Ke7 {[%emt 0:01:24]} 46. Bxa4 {[%emt 0:00:24]} f5+ {[%emt 0:02:01]} 47. Kg5 {[%emt 0:02:29]} Rxa4 {[%emt 0:00:08]} 48. b3 {[%emt 0:00:03]} Ra1 {[%emt 0:00:04]} 49. bxc4 {[%emt 0:00:10]} Rg1+ {[%emt 0:01:52]} 50. Kh4 {[%emt 0:00:11]} dxc4 {[%emt 0:00:27]} 51. Rc2 {[%emt 0:00:07]} Kd6 {[%emt 0:00:26]} 52. Rxc4 {[%emt 0:00:16]} Kd5 {[%emt 0:00:04]} 53. Rc5+ {[%emt 0:03:52]} Ke4 {[%emt 0:00:05]} 54. Kh3 {[%emt 0:00:03]} Kf3 {[%emt 0:00:11]} 55. Kh2 {[%emt 0:00:03]} Rg2+ {[%emt 0:01:31]} 56. Kh3 {[%emt 0:00:04]} Rg1 {[%emt 0:00:25]} 57. Kh2 {[%emt 0:00:01]} Rg4 {[%emt 0:00:11]} 58. Rc2 {[%emt 0:09:06]} Rg2+ {[%emt 0:00:16]} 59. Kh3 {[%emt 0:00:03]} Rg1 {[%emt 0:00:26]} 60. Kh4 {[%emt 0:00:49]} g5+ {[%emt 0:00:43]} 61. Kh5 {[%emt 0:00:01]} g4 {[%emt 0:05:32]} 62. Kg5 {[%emt 0:00:57]} Rg2 {[%emt 0:00:11]} 63. Rc6 {[%emt 0:04:00]} Rxf2 {[%emt 0:00:06]} 64. Rxe6 {[%emt 0:00:14]} g3 {[%emt 0:05:05]} 65. Kxf5 {[%emt 0:00:02]} g2 {[%emt 0:00:47]} 66. Rg6 {[%emt 0:00:05]} Rd2 {[%emt 0:00:08]} 67. Ke6 {[%emt 0:01:58]} Re2 {[%emt 0:00:29]} 68. d5 {[%emt 0:00:21]} Rxe3+ {[%emt 0:00:20]} 69. Kd7 {[%emt 0:00:24]} Re4 {[%emt 0:00:07]} 70. d6 {[%emt 0:00:13]} Rxf4 {[%emt 0:00:06]} 71. Rxg2 {[%emt 0:00:13]} Kxg2 {[%emt 0:00:06]} 72. Kc7 {[%emt 0:00:02]} Rc4+ {[%emt 0:00:06]} 73. Kb7 {[%emt 0:00:05]} Rd4 {[%emt 0:00:08]} 74. Kc7 {[%emt 0:00:04]} Rxd6 {[%emt 0:00:04]} 75. Kxd6 1/2-1/2

[Event "18th Caspian Cup-A 2020"]
[Site "Rasht"]
[Date "2020.02.16"]
[Round "4.6"]
[White "Harutjunyan, Gevorg"]
[Black "Khademi, Mohammad Miran"]
[Result "1-0"]
[WhiteElo "2444"]
[BlackElo "2301"]
[Annotator "ChessBase"]
[PlyCount "55"]
[EventDate "2020.02.14"]
[EventType "swiss"]
[EventCountry "IRI"]
[SourceTitle "playchess.com"]
[Source "ChessBase"]
[SourceQuality "1"]
[TimeControl "5400+30"]

1. e4 {[%emt 0:00:00]} e5 {[%emt 0:01:28]} 2. Bc4 {[%emt 0:00:52]} c6 {[%emt 0:01:35]} 3. Nf3 {[%emt 0:01:59]} d6 {[%emt 0:07:30]} 4. d4 {[%emt 0:03:17]} Qc7 5. Ng5 {[%emt 0:02:48]} Nh6 {[%emt 0:00:55]} 6. O-O {[%emt 0:02:17]} Nd7 {[%emt 0:01:27]} 7. c3 {[%emt 0:02:24]} Nf6 {[%emt 0:05:34]} 8. Bb3 {[%emt 0:07:40]} Be7 {[%emt 0:00:39]} 9. f4 {[%emt 0:03:11]} exd4 {[%emt 0:01:48]} 10. cxd4 {[%emt 0:00:11]} d5 {[%emt 0:00:07]} 11. e5 {[%emt 0:00:58]} Ne4 {[%emt 0:15:06]} 12. Nxe4 {[%emt 0:02:47]} dxe4 {[%emt 0:00:04]} 13. Nc3 {[%emt 0:00:48]} Bf5 {[%emt 0:00:15]} 14. h3 {[%emt 0:00:48]} Rd8 {[%emt 0:05:51]} 15. Be3 {[%emt 0:05:26]} Rg8 {[%emt 0:04:32]} 16. d5 {[%emt 0:03:49]} cxd5 {[%emt 0:04:33]} 17. Nxd5 {[%emt 0:01:47]} Qa5 {[%emt 0:00:03]} 18. Rc1 {[%emt 0:03:12]} Kf8 {[%emt 0:17:42]} 19. Rf2 {[%emt 0:09:25]} g5 {[%emt 0:06:13]} 20. Qh5 {[%emt 0:04:16]} Rxd5 {[%emt 0:00:34]} 21. Qxh6+ {[%emt 0:00:24]} Ke8 {[%emt 0:00:06]} 22. Bxd5 {[%emt 0:02:01]} Qxd5 {[%emt 0:00:02]} 23. Rd2 {[%emt 0:02:03]} Qa5 {[%emt 0:00:42]} 24. e6 {[%emt 0:05:06]} Bxe6 {[%emt 0:08:15]} 25. Qxh7 {[%emt 0:00:16]} Kf8 {[%emt 0:00:08]} 26. fxg5 {[%emt 0:06:35]} Qe5 {[%emt 0:00:46]} 27. Rf2 {[%emt 0:03:29]} Bd6 {[%emt 0:05:58]} 28. Rc8+ {[%emt 0:00:54]} 1-0